000 00796cam a22002054a 4500
005 20250605164345.0
008 250528s ||||||||||||||||||||||||d
035 _a23828
020 _a9789600433029
040 _aGR-AtMCL
_bgre
_dGR-AtMCL
_eAACR2
245 1 _aΠρακτικός οδηγός για τις μαθησιακές δυσκολίες
250 _a1
260 _aGreece
_bΚέδρος,
_c2007
300 _a264
520 _aΑνίχνευση και παιδαγωγική αντιμετώπιση για εκπαιδευτικούς και γονείς για το νηπιαγωγείο και τις πρώτες τάξεις του δημοτικού
700 1 _aΜπούκας Δημήτρης
_98704
942 _cBK
999 _c8755
_d8755